QUEST Central Library Banner

Android Application for Construction Project Management. (Record no. 64718)

MARC details
000 -LEADER
fixed length control field 00538nam a22001817a 4500
082 ## - DEWEY DECIMAL CLASSIFICATION NUMBER
Classification number R/2CS15
100 ## - MAIN ENTRY--AUTHOR NAME
Personal name Waqar Haider
100 ## - MAIN ENTRY--AUTHOR NAME
Personal name Roll No. 15CS45
100 ## - MAIN ENTRY--AUTHOR NAME
Personal name Supervisor - Dr. Imtiaz ALi Halepoto
245 ## - TITLE STATEMENT
Title Android Application for Construction Project Management.
260 ## - PUBLICATION, DISTRIBUTION, ETC. (IMPRINT)
Place of publication Nawabshah
Name of publisher QUEST
Year of publication 2019
300 ## - PHYSICAL DESCRIPTION
Number of Pages 55p
700 ## - ADDED ENTRY--PERSONAL NAME
Personal name M. Waqas Bashir (Roll No. 15CS08)
700 ## - ADDED ENTRY--PERSONAL NAME
Personal name Salman Gul (Roll No. 15CS09)
700 ## - ADDED ENTRY--PERSONAL NAME
Personal name Love Kumar (Roll No. 15CS34)
700 ## - ADDED ENTRY--PERSONAL NAME
Personal name Waqas Ibrahim (Roll No. 15CS13)
942 ## - ADDED ENTRY ELEMENTS (KOHA)
Koha item type Thesis and Dissertation
Holdings
Withdrawn status Lost status Home library Current library Date acquired Full call number Accession Number Koha item type
    Research Section Research Section 06/03/2019 R/2CS15 15CS-T168 Thesis and Dissertation

Copyright © 2018,The QUEST, Nawabshah, Shaheed Benazirabad. All rights reserved
Mr. G. Farooq Channar (Librarian) QUEST, Nawabshah, Sindh, Pakistan 67480.
 Ph#: |   0244-9370381-4 Ext. 2308   Email| lib@quest.edu.pk   Web|  http://www.quest.edu.pk